<?xml version="1.0" encoding="UTF-8"?>
<marc:record xmlns:marc="http://www.loc.gov/MARC21/slim">
   <marc:leader>00000nam a2200000 a 4500</marc:leader>
   <marc:datafield ind1="1" ind2=" " tag="100">
      <marc:subfield code="a">Pohanka, Reinhard</marc:subfield>
      <marc:subfield code="4">aut</marc:subfield>
      <marc:subfield code="e">Verfasser/-in</marc:subfield>
   </marc:datafield>
   <marc:datafield ind1=" " ind2=" " tag="653">
      <marc:subfield code="a">Geschichte 500-1500</marc:subfield>
   </marc:datafield>
   <marc:datafield ind1=" " ind2=" " tag="653">
      <marc:subfield code="a">Historische Persönlichkeit</marc:subfield>
   </marc:datafield>
   <marc:datafield ind1=" " ind2=" " tag="653">
      <marc:subfield code="a">Fürsten; Habsburger; Heinrich I.; Herrscher; Kaiser; Könige; Maximilian I.; Mittelalter; Ottonen; Salier; Staufer</marc:subfield>
   </marc:datafield>
   <marc:datafield ind1=" " ind2=" " tag="653">
      <marc:subfield code="a">Biografie</marc:subfield>
   </marc:datafield>
   <marc:datafield ind1=" " ind2=" " tag="653">
      <marc:subfield code="a">Biographie</marc:subfield>
   </marc:datafield>
   <marc:datafield ind1="0" ind2="0" tag="245">
      <marc:subfield code="a">Die Herrscher und Gestalten des Mittelalters</marc:subfield>
   </marc:datafield>
   <marc:datafield ind1="0" ind2="0" tag="245">
      <marc:subfield code="c">Reinhard Pohanka</marc:subfield>
   </marc:datafield>
   <marc:datafield ind1=" " ind2="1" tag="264">
      <marc:subfield code="a">Wiesbaden</marc:subfield>
      <marc:subfield code="b">Marixverl.</marc:subfield>
      <marc:subfield code="c">2006</marc:subfield>
   </marc:datafield>
   <marc:datafield ind1="1" ind2=" " tag="490">
      <marc:subfield code="a">Marix Wissen</marc:subfield>
   </marc:datafield>
   <marc:datafield ind1="1" ind2=" " tag="520">
      <marc:subfield code="a">Angaben aus der Verlagsmeldung

Die Herrscher und Gestalten des Mittelalters / von Reinhard Pohanka

Von König Heinrich I. bis zu Kaiser Maximilian I. werden hier alle deutschen Herrscher des Mittelalters in eindrucksvollen und lebendig geschriebenen Kurzbiographien vorgestellt. Ottonen, Salier, Staufer oder Habsburger – in den Lebensgeschichten der Herrscher schildern die Autoren gleichzeitig die wichtigsten Weg- und Wendemarken der Reichsgeschichte im Mittelalter.

Könige und Kaiser – und bisweilen auch die Legenden, die sich um sie ranken – haben unser Bild vom Mittelalter geprägt. Die Spuren ihrer Herrschaft, die sie überall im Reich hinterlassen haben, sind bis auf den heutigen Tag allgegenwärtig. Jenseits von Reichskrone, Zepter und heiliger Lanze erscheinen die Herrscher in starkem Maße eingebunden in das Machtgeflecht geistlicher und weltlicher Fürstenherrschaft, aber nicht selten auch bedroht von den Ränken der engsten Verwandten.
</marc:subfield>
   </marc:datafield>
   <marc:datafield ind1=" " ind2=" " tag="020">
      <marc:subfield code="a">9783865399014</marc:subfield>
      <marc:subfield code="9">9783865399014</marc:subfield>
   </marc:datafield>
   <marc:datafield ind1=" " ind2=" " tag="020">
      <marc:subfield code="a">3865399010</marc:subfield>
      <marc:subfield code="9">3865399010</marc:subfield>
   </marc:datafield>
   <marc:datafield ind1=" " ind2=" " tag="041">
      <marc:subfield code="a">ger</marc:subfield>
   </marc:datafield>
   <marc:datafield ind1=" " ind2=" " tag="300">
      <marc:subfield code="a">255 S.</marc:subfield>
   </marc:datafield>
</marc:record>
